| 000 | 00788nam a2200241Ia 4500 | ||
|---|---|---|---|
| 003 | OSt | ||
| 005 | 20220926003618.0 | ||
| 006 | a|||||r|||| 00| 0 | ||
| 007 | ta | ||
| 008 | 220923b |||||||| |||| 00| 0 eng d | ||
| 020 |
_a0195679911 _c695.00 |
||
| 037 |
_b345, 04/12/2006, SHUBHAM BOOK SUPPLIER _cGeneral Book |
||
| 040 |
_aRTL _cRTL _beng |
||
| 041 |
_2eng _aeng |
||
| 082 | _aY2:1.2.N, P6/TD | ||
| 100 |
_aUberoi Patricia _9301219 |
||
| 245 | 0 |
_aFreedom and destiny _b Gender, family and popular culture in India |
|
| 260 |
_a New Delhi _bOxford University Press _c2006 |
||
| 300 |
_axix, 309p _ccm. |
||
| 650 | _aGeography | ||
| 942 |
_hY2:1.2.N, P6/TD _cGB _2CC |
||
| 999 |
_c608383 _d608383 |
||